00577nam a2200169Ia 4500008004100000020001800041041000800059082001500067100002000082245002800102260004100130300000900171500001000180650003000190999001700220952017000237220803s9999 xx 000 0 und d a9788184956009 aeng a720.91 MIC aMichel G925105 aBadami Aihole Pattadkal aMumbaibJaico Publishing Housec2014 a144p aARCHI aHindu Architecture925106 c15958d15958 001040708Book of B ArchaBNCAbBNCAd2015-10-06eWord Bookg399.20l4m3o711.7 MICpBNCA-BK-9554r2024-07-29 00:00:00s2024-07-15v399.20w2015-09-30yBKzB09554